000 00736nam a2200217 i 4500
001 68294
003 ES-MaACL
005 20230906170239.0
007 t|
008 040616s2002 sp ||||0| spa d
020 _a84-8472-069-1
080 _a016:821.134.2(=1.460:729.1)"19"
080 _a929:821.134.2(=1.460:729.1)"19"
100 1 _aDomingo Cuadriello, Jorge.
_945133
245 1 4 _aLos españoles en las letras cubanas durante el siglo XX /
_cJorge Domingo Cuadriello.
260 _aSevilla :
_bRenacimiento,
_c2002.
300 _a270 p. ;
_c24 cm.
504 _aReferencias bibliográficas.
650 4 _aLiteratura española-
_xAutores exiliados-
_zCuba-
_vBiobibliografías.
_914549
852 _aES-MaACL
_jL-28018
_bR.133795
999 _c68294
_d68294